| 000 | 00771nam a2200217 a 4500 | ||
|---|---|---|---|
| 001 | 37940 | ||
| 003 | BD-RjUL | ||
| 005 | 20211218114009.0 | ||
| 008 | 211218s1964 pk |||||||||||||||||per d | ||
| 035 | _a(BD-RjUL) 37940 | ||
| 040 |
_aNNL _beng _cBD-RjUL |
||
| 041 | 0 | _aper | |
| 082 |
_223 _a891.551 _bIQA 1964 |
||
| 100 | 1 |
_aIqbal, Muhammad, ;; اقبال، محمّد، _9229 _d1877-1938 |
|
| 245 |
_aارمغان حجاز ;; Armagan Hejaz / _cمحمّد اقبال ;; Muhammad Iqbal |
||
| 250 | _aEighth ed. ;; طبع هشتم | ||
| 260 |
_aلاهور ;; Lahore : _bشيخ غلام على, ;; Shaik̲h̲ G̲h̲ulām ʻAlī, _c1964 ;; ۱۹۶۴ |
||
| 300 |
_a280 p. ; ص. _c19 cm |
||
| 650 |
_aPersian Poetry ;; پارسیان پتری _9230 |
||
| 942 |
_2ddc _cBK |
||
| 999 |
_c37940 _d37940 |
||